| 000 | 00781nam a22002417a 4500 | ||
|---|---|---|---|
| 001 | 21095 | ||
| 003 | UA-OsUOA | ||
| 005 | 20210721101927.0 | ||
| 007 | ta | ||
| 008 | 20031117b un ||||| |||| 00| 0 ukr d | ||
| 040 |
_aUA-OsUOA _brus _cUA-OsUOA _dUA-OsUOA |
||
| 041 | _arus | ||
| 044 | _aRU | ||
| 080 | _a94 (47+57)"1941-1945" | ||
| 090 |
_a94 (47+57)"1941-1945" _bВ29 |
||
| 245 |
_aВенок славы. Антология художественных произведений о Великой Отечественной войне: в 12-ти т. _cсост. А. Карлин |
||
| 260 |
_aМосква _bСовременник _c1985 |
||
| 300 |
_a607 с. _bІлюстрації |
||
| 505 | _gТ. 8 | ||
| 650 | 7 |
_2UDC _x94 Історія |
|
| 942 |
_cBK _2udc |
||
| 955 | _a3 | ||
| 999 |
_c307288 _d307288 |
||